The complete book on electroplating & allied chemicals / (Record no. 92404)

MARC details
000 -LEADER
fixed length control field 00557nam a22001817a 4500
005 - DATE AND TIME OF LATEST TRANSACTION
control field 20150428145402.0
010 ## - LCCN (DPL NO)
LC control number ENG-112410
020 ## - INTERNATIONAL STANDARD BOOK NUMBER
International Standard Book Number 9788178331553
Terms of availability 1975.00
035 ## - SYSTEM CONTROL NUMBER
System control number EN-95942
037 ## - SOURCE OF ACQUISITION
Source of stock number/acquisition DBAD/PUB
082 ## - DEWEY DECIMAL CLASSIFICATION NUMBER
Classification number 671.732
100 ## - MAIN ENTRY--PERSONAL NAME
Personal name Panda, Himadri
245 ## - TITLE STATEMENT
Title The complete book on electroplating & allied chemicals /
Statement of responsibility, etc by Himadri Panda
260 ## - PUBLICATION, DISTRIBUTION, ETC. (IMPRINT)
Place of publication, distribution, etc Delhi
Name of publisher, distributor, etc Asia Pacific Business Press
Date of publication, distribution, etc 2013
270 ## - ADDRESS
Address 106-E, Kamla Nagar,
City Delhi
Postal code 110009
300 ## - PHYSICAL DESCRIPTION
Extent xvii,558p.
Dimensions 23cm(pbk)
942 ## - ADDED ENTRY ELEMENTS (KOHA)
Source of classification or shelving scheme Dewey Decimal Classification
Item type English Books
Call number suffix PAN
Classification part 671.732
Holdings
Withdrawn status Lost status Not for loan Collection code Home library Current library Date acquired Source of acquisition Cost, normal purchase price Full call number Barcode Copy number Cost, replacement price Koha item type
    Not For Loan Non-fiction D.B.Act.Division D.B.Act.Division 23/03/2015 DBAD/PUB 1975.00 671.732 PAN EN-95942 1 1975.00 English Books

© Delhi Public Library
Hit Counter
free hit counter